ბათუმის შოთა რუსთაველის სახელმწიფო უნივერსიტეტის ბიბლიოთეკა

Курс органической химии. Часть I. Алифатические соединения. (ბიბ.ჩანაწერი № 50731)

000 -LEADER
fixed length control field 00738nam a2200229Ia 4500
001 - CONTROL NUMBER
control field 17683
003 - CONTROL NUMBER IDENTIFIER
control field GE_BSU
008 - FIXED-LENGTH DATA ELEMENTS--GENERAL INFORMATION
fixed length control field 181216s||||||||xx |||||||||||||| ||und||
040 ## - CATALOGING SOURCE
Transcribing agency GE_BSU
080 ## - UNIVERSAL DECIMAL CLASSIFICATION NUMBER
Universal Decimal Classification number 547(075.8)
100 ## - MAIN ENTRY--PERSONAL NAME
Personal name Степаненко,Б.Н.
245 ## - TITLE STATEMENT
Title Курс органической химии. Часть I. Алифатические соединения.
245 ## - TITLE STATEMENT
Remainder of title Учевник для вузов.
245 ## - TITLE STATEMENT
Statement of responsibility, etc. Ред. М.М.Поплавская.
250 ## - EDITION STATEMENT
Edition statement Изд.5-е, перераб. и допол.
260 ## - PUBLICATION, DISTRIBUTION, ETC.
Place of publication, distribution, etc. М.
260 ## - PUBLICATION, DISTRIBUTION, ETC.
Name of publisher, distributor, etc. Высшая школа.
260 ## - PUBLICATION, DISTRIBUTION, ETC.
Date of publication, distribution, etc. 1976.
300 ## - PHYSICAL DESCRIPTION
Extent 448 стр. с илл. 22 см.
653 ## - INDEX TERM--UNCONTROLLED
Uncontrolled term Курс органической химии.
942 ## - ADDED ENTRY ELEMENTS (KOHA)
Koha item type წიგნი
ეგზემპლარები
Withdrawn status Lost status Damaged status Not for loan Date acquired Barcode Date last seen Price effective from Koha item type
        2018-12-17 9635 2018-12-17 2018-12-17 წიგნი